| 000 | 00000nam##2200000za#4500 |
| 001 | 9.608803 |
| 003 | CaOODSP |
| 005 | 20200327112517 |
| 007 | ta |
| 008 | 150406|1992||||xxc||||| f|0| 0 eng|d |
| 020 | |a0-919074-85-5 |
| 040 | |aCaOODSP|beng |
| 043 | |an-cn--- |
| 086 | 1 |aEn108-3/1-49E |
| 110 | 1 |aCanada.|bEnvironment Canada. |bCanadian Council of Ministers of the Environment. |
| 245 | 10|aNational emission guidelines for stationary combustion turbines |
| 260 | |aOttawa - Ontario : |bEnvironment Canada. |c1992. |
| 300 | |a9p. : |bfig. ; |c23 cm. |
| 490 | 1 |a[Report.] |vEPC-AITG-49E |
| 500 | |aContents: Glossary of terms.--Abbreviations.--Preface.--Introduction.--Applicability.--National emission guideline for new stationary combustion turbines: Emissions of oxides of nitrogen (NOx); Emissions of carbon monoxide (CO); Emissions of sulphur dioxide (SO2); Measurement and monitoring.--Appendix A: Working group members list.--Appendix B: Illustrative example of NOx guidelines for various unit sizes and overall plant efficiencies. |
| 563 | |aSoftcover |
| 690 | 07|aPollution control|2gcpds |
| 830 | #0|a[Report.]|vEPC-AITG-49E|w(CaOODSP)9.514545 |